[Event "Southend Easter op 64th"]
[Site "Southend-on-Sea"]
[Date "2022.04.16"]
[Round "3.2"]
[White "Schwartz, Julius"]
[Black "Villiers, Thomas"]
[Result "1/2-1/2"]
[WhiteElo "2118"]
[BlackElo "2219"]
[PlyCount "54"]
[EventDate "2022.04.15"]
[EventType "swiss"]
[EventRounds "7"]
[EventCountry "ENG"]

1. e4 c5 2. Nf3 d6 3. d4 cxd4 4. Nxd4 Nf6 5. Nc3 a6 6. f3 e5 7. Nb3 Be6 8. Be3
d5 9. exd5 Nxd5 10. Nxd5 Qxd5 11. Qxd5 Bxd5 12. O-O-O Bxb3 13. axb3 Nd7 14. Bc4
f6 15. Bf7+ Kxf7 16. Rxd7+ Be7 17. Bb6 Rab8 18. Rhd1 Ke6 19. Ba7 Rhd8 20. Rc7
Rxd1+ 21. Kxd1 Rd8+ 22. Ke2 Rd7 23. Rc8 Rd8 24. Rc7 Rd7 25. Rc8 f5 26. Be3 Rd8
27. Rc7 Rd7 1/2-1/2

[Event "Southend Easter op 64th"]
[Site "Southend-on-Sea"]
[Date "2022.04.16"]
[Round "3.3"]
[White "Walker, Martin G"]
[Black "Eames, Robert S"]
[Result "1-0"]
[WhiteElo "2187"]
[BlackElo "2140"]
[PlyCount "87"]
[EventDate "2022.04.15"]
[EventType "swiss"]
[EventRounds "7"]
[EventCountry "ENG"]

1. Nf3 f5 2. d4 e6 3. c4 Nf6 4. Nc3 Bb4 5. Bd2 b6 6. e3 Bb7 7. Bd3 O-O 8. O-O
a5 9. a3 Bd6 10. Qe2 Ne4 11. Nb5 Nxd2 12. Nxd2 Bxh2+ 13. Kxh2 Qh4+ 14. Kg1 Bxg2
15. Kxg2 Qg5+ 16. Kh1 Qh4+ 17. Kg2 Rf6 18. Qf3 Rg6+ 19. Qg3 Na6 20. Rh1 Qf6 21.
f4 Rxg3+ 22. Kxg3 c6 23. Nc3 Nc7 24. Nf3 d6 25. Kf2 h6 26. b4 Kf7 27. c5 bxc5
28. bxc5 dxc5 29. Ne5+ Kg8 30. Nd7 Qe7 31. Nxc5 Rb8 32. Rab1 Rxb1 33. Nxb1 g5
34. fxg5 hxg5 35. Nd2 g4 36. Nc4 Qg5 37. Ne5 Kg7 38. Nf3 Qd8 39. Ne5 Qd5 40.
Rb1 Qa2+ 41. Kg3 Kf6 42. Nc4 Nd5 43. Nb3 a4 44. Nc1 1-0

[Event "Southend Easter op 64th"]
[Site "Southend-on-Sea"]
[Date "2022.04.16"]
[Round "3.4"]
[White "Hebbes, Tim"]
[Black "Maycock Bates, David Henry"]
[Result "0-1"]
[WhiteElo "2049"]
[BlackElo "2183"]
[PlyCount "48"]
[EventDate "2022.04.15"]
[EventType "swiss"]
[EventRounds "7"]
[EventCountry "ENG"]

1. Nf3 d5 2. d4 Nf6 3. Bf4 c5 4. c3 Nc6 5. e3 Qb6 6. Qb3 c4 7. Qc2 Bf5 8. Qc1
h6 9. h3 e6 10. Nbd2 Be7 11. Be2 O-O 12. g4 Bg6 13. Rg1 Rae8 14. h4 Nd7 15. g5
hxg5 16. hxg5 Bd8 17. Nh4 e5 18. Nxg6 fxg6 19. Nxc4 dxc4 20. Bxc4+ Rf7 21.
Bxf7+ Kxf7 22. Bh2 exd4 23. cxd4 Qb5 24. Kd1 Nxd4 0-1

[Event "Southend Easter op 64th"]
[Site "Southend-on-Sea"]
[Date "2022.04.16"]
[Round "3.5"]
[White "Willmoth, Robert F"]
[Black "Haydon, David L"]
[Result "0-1"]
[WhiteElo "2106"]
[BlackElo "2282"]
[PlyCount "106"]
[EventDate "2022.04.15"]
[EventType "swiss"]
[EventRounds "7"]
[EventCountry "ENG"]

1. d4 Nf6 2. Nf3 e6 3. e3 b6 4. Nbd2 Bb7 5. Bd3 c5 6. b3 Nc6 7. Bb2 cxd4 8.
exd4 Rc8 9. a3 d5 10. O-O Bd6 11. Re1 O-O 12. c4 dxc4 13. bxc4 Na5 14. Bc3 Nc6
15. Qc2 Ne7 16. a4 Ng6 17. a5 Nf4 18. axb6 Nxd3 19. Qxd3 axb6 20. Reb1 Qc7 21.
Bb4 Bxf3 22. Nxf3 Rfd8 23. Bxd6 Rxd6 24. Rb4 Nd7 25. Qe4 Rc6 26. Nd2 Qd6 27.
Rb5 Nf6 28. Qe5 Qd8 29. Rb4 Rd6 30. Nf3 h6 31. h3 Rdc6 32. Qb5 Qc7 33. Ne5 Rd6
34. Nf3 Nd7 35. Raa4 Rc6 36. Ne5 Nxe5 37. Qxe5 Qd8 38. Qf4 Qd7 39. Qe3 Rd6 40.
d5 exd5 41. cxd5 Re8 42. Re4 Rxe4 43. Qxe4 f5 44. Ra8+ Kh7 45. Qe3 Qb7 46. Qe8
Qxd5 47. h4 Qc6 48. Qh8+ Kg6 49. Re8 Rd1+ 50. Kh2 Qd6+ 51. g3 Qd5 52. h5+ Kxh5
53. g4+ Kh4 0-1

[Event "Southend Easter op 64th"]
[Site "Southend-on-Sea"]
[Date "2022.04.16"]
[Round "3.6"]
[White "Grieve, Harry"]
[Black "Ethelontis, Alexandros N"]
[Result "1-0"]
[WhiteElo "2387"]
[BlackElo "2077"]
[PlyCount "55"]
[EventDate "2022.04.15"]
[EventType "swiss"]
[EventRounds "7"]
[EventCountry "ENG"]

1. e4 e6 2. d4 d5 3. e5 c5 4. c3 Qb6 5. Nf3 Nc6 6. Bd3 Nh6 7. dxc5 Bxc5 8. O-O
Ng4 9. Qe2 Qc7 10. Bf4 f6 11. c4 Ngxe5 12. Nc3 d4 13. Nb5 Qb8 14. Nxe5 Nxe5 15.
Qh5+ Ke7 16. Rfe1 Bd7 17. Rxe5 fxe5 18. Bxe5 Qf8 19. Bxg7 Qxg7 20. Qxc5+ Kf7
21. Nd6+ Kg8 22. Rd1 Bc6 23. Be4 Bxe4 24. Nxe4 h6 25. Rd3 Kh7 26. Rg3 Qf7 27.
Nf6+ Qxf6 28. Qc7+ 1-0

[Event "Southend Easter op 64th"]
[Site "Southend-on-Sea"]
[Date "2022.04.16"]
[Round "3.7"]
[White "Zapolskis, Antanas"]
[Black "Stewart, Ashley"]
[Result "1-0"]
[WhiteElo "2265"]
[BlackElo "2069"]
[PlyCount "75"]
[EventDate "2022.04.15"]
[EventType "swiss"]
[EventRounds "7"]
[EventCountry "ENG"]

1. e4 c5 2. Nf3 g6 3. d4 cxd4 4. Nxd4 Nc6 5. Nc3 Bg7 6. Be3 Nf6 7. Nxc6 bxc6 8.
e5 Ng8 9. f4 Nh6 10. g4 O-O 11. h3 f6 12. Bc4+ Kh8 13. Qd2 Nf7 14. Bxf7 Rxf7
15. e6 Rf8 16. O-O-O d6 17. f5 Qa5 18. Rhg1 Ba6 19. Qf2 Rab8 20. Qf4 Rb4 21.
Rd4 c5 22. Rxb4 cxb4 23. Nd1 Rb8 24. Kb1 Qd5 25. Bxa7 Ra8 26. Qd4 Qb7 27. Bb6
Rb8 28. Ba5 Qb5 29. Bc7 Rb7 30. Bxd6 exd6 31. Qxd6 Qb6 32. Qd5 Bf8 33. Re1 Be7
34. Ne3 Bc5 35. g5 Bxe3 36. gxf6 Rb8 37. f7 Bc5 38. Qe5# 1-0

[Event "Southend Easter op 64th"]
[Site "Southend-on-Sea"]
[Date "2022.04.16"]
[Round "3.8"]
[White "Dougherty, Michael"]
[Black "Hill, Alistair"]
[Result "1/2-1/2"]
[WhiteElo "2066"]
[BlackElo "2223"]
[PlyCount "78"]
[EventDate "2022.04.15"]
[EventType "swiss"]
[EventRounds "7"]
[EventCountry "ENG"]

1. e4 c5 2. c3 d5 3. exd5 Nf6 4. d4 Nxd5 5. Nf3 e6 6. Bd3 Nc6 7. O-O Be7 8. a3
cxd4 9. cxd4 O-O 10. Nc3 Nxc3 11. bxc3 Bf6 12. Re1 Qa5 13. Qc2 g6 14. Bf4 Bd7
15. Rab1 Ne7 16. Bd6 Bc6 17. Bb4 Qc7 18. Ne5 Rfc8 19. Bxe7 Bxe5 20. Rxe5 Qxe7
21. Qb3 Qd6 22. h4 Rc7 23. h5 Bd5 24. c4 Bxc4 25. Bxc4 Qxd4 26. Qg3 Rxc4 27.
hxg6 hxg6 28. Rxb7 Qd1+ 29. Kh2 Kg7 30. Qh3 Qd4 31. Qxe6 Rh8+ 32. Kg1 Rc1+ 33.
Re1 Rxe1+ 34. Qxe1 Rc8 35. Re7 Rc3 36. a4 Ra3 37. Re4 Qb2 38. Kh2 Ra2 39. Rf4
Qb8 1/2-1/2

[Event "Southend Easter op 64th"]
[Site "Southend-on-Sea"]
[Date "2022.04.16"]
[Round "3.9"]
[White "Burnett, Andrew"]
[Black "Young, Craig A"]
[Result "1-0"]
[WhiteElo "2163"]
[BlackElo "2049"]
[PlyCount "67"]
[EventDate "2022.04.15"]
[EventType "swiss"]
[EventRounds "7"]
[EventCountry "ENG"]

1. Nf3 Nf6 2. c4 e6 3. Nc3 d5 4. d4 Be7 5. cxd5 exd5 6. Bf4 O-O 7. e3 c6 8. Qc2
Nbd7 9. O-O-O Re8 10. Nb5 cxb5 11. Bc7 a6 12. Bxd8 Bxd8 13. Kb1 Ne4 14. Bd3
Ndf6 15. Ne5 Be6 16. f3 Rc8 17. Qe2 Nd6 18. g4 Nc4 19. g5 Nxe5 20. dxe5 Nd7 21.
f4 Nc5 22. Bc2 Ne4 23. Bxe4 dxe4 24. b3 Bb6 25. Rc1 Rcd8 26. Rhd1 Bf5 27. Rd6
Rxd6 28. exd6 Rd8 29. Qd2 g6 30. b4 Be6 31. Rc5 Bc4 32. Qd4 Be6 33. Qf6 Bh3 34.
d7 1-0

[Event "Southend Easter op 64th"]
[Site "Southend-on-Sea"]
[Date "2022.04.16"]
[Round "3.10"]
[White "Spence, David J"]
[Black "Pert, Max"]
[Result "1-0"]
[WhiteElo "2146"]
[BlackElo "1556"]
[PlyCount "79"]
[EventDate "2022.04.15"]
[EventType "swiss"]
[EventRounds "7"]
[EventCountry "ENG"]

1. e4 c6 2. d4 d5 3. Nd2 dxe4 4. Nxe4 Nf6 5. Nxf6+ exf6 6. c3 Bd6 7. Bd3 O-O 8.
Qc2 Re8+ 9. Ne2 f5 10. Bxf5 Bxf5 11. Qxf5 Nd7 12. Be3 Nb6 13. Qd3 Qe7 14. O-O
Nd5 15. Rfe1 Nxe3 16. Ng3 Bf4 17. fxe3 Bxg3 18. hxg3 Qe4 19. Rad1 f5 20. Qxe4
Rxe4 21. Kf2 Rd8 22. Rh1 Rde8 23. Rd3 g6 24. Rh4 Kg7 25. c4 g5 26. Rxe4 fxe4
27. Ra3 a6 28. g4 Kf6 29. Ra5 Re7 30. b4 h6 31. a4 Ke6 32. Re5+ Kd6 33. Rf5 Ke6
34. Ke2 Kd6 35. Kd2 Ke6 36. Kc3 Kd6 37. Rf6+ Re6 38. Rf7 Re7 39. Rxe7 Kxe7 40.
d5 1-0

[Event "Southend Easter op 64th"]
[Site "Southend-on-Sea"]
[Date "2022.04.16"]
[Round "3.11"]
[White "Dias, Savin"]
[Black "Varnam, Liam D"]
[Result "1/2-1/2"]
[WhiteElo "1968"]
[BlackElo "2087"]
[PlyCount "79"]
[EventDate "2022.04.15"]
[EventType "swiss"]
[EventRounds "7"]
[EventCountry "ENG"]

1. e4 e5 2. Nf3 Nc6 3. Bc4 Nf6 4. d3 Be7 5. O-O O-O 6. c3 d6 7. Re1 Na5 8. Bb5
a6 9. Ba4 b5 10. Bc2 c5 11. h3 Re8 12. Nbd2 Bf8 13. Nf1 g6 14. d4 cxd4 15. cxd4
exd4 16. Nxd4 Bg7 17. b3 d5 18. e5 Ne4 19. f4 f6 20. Nf3 Bb7 21. Bb2 fxe5 22.
fxe5 Qb6+ 23. Bd4 Qe6 24. Ne3 Rad8 25. Nxd5 Bxd5 26. Bxe4 Nc6 27. Kh1 Nxd4 28.
Qxd4 Bxb3 29. Qb2 Bc4 30. Bc2 Rd5 31. Bb3 Rd3 32. Bxc4 bxc4 33. Rac1 Qd5 34.
Rc3 Rd8 35. Rxd3 cxd3 36. Qd2 Re8 37. Re3 Bxe5 38. Nxe5 Rxe5 39. Rxd3 Re1+ 40.
Qxe1 1/2-1/2

[Event "Southend Easter op 64th"]
[Site "Southend-on-Sea"]
[Date "2022.04.16"]
[Round "3.13"]
[White "Bates, Richard A"]
[Black "Chan, Ngo Yu"]
[Result "1-0"]
[WhiteElo "2356"]
[BlackElo "1525"]
[PlyCount "57"]
[EventDate "2022.04.15"]
[EventType "swiss"]
[EventRounds "7"]
[EventCountry "ENG"]

1. d4 d5 2. c4 e6 3. Nf3 Nf6 4. g3 Be7 5. Bg2 O-O 6. O-O b6 7. Nc3 Bb7 8. cxd5
exd5 9. Bf4 c5 10. Rc1 Nc6 11. dxc5 bxc5 12. Na4 Ne4 13. Nd2 Nxd2 14. Qxd2 Nd4
15. Nxc5 Bxc5 16. Rxc5 Ne6 17. Rcc1 Nxf4 18. Qxf4 Qb6 19. Qd2 Rfd8 20. Rc3 Rd7
21. Rfc1 Re8 22. Rb3 Qe6 23. e3 Red8 24. Qd4 Ba6 25. Rbc3 Rb8 26. Rc6 Qe7 27.
Rxa6 Rdb7 28. Bxd5 Rxb2 29. Qxb2 1-0

[Event "Southend Easter op 64th"]
[Site "Southend-on-Sea"]
[Date "2022.04.16"]
[Round "3.14"]
[White "Potter, John M"]
[Black "Kesterson, Kennan"]
[Result "1-0"]
[WhiteElo "2055"]
[BlackElo "1829"]
[PlyCount "57"]
[EventDate "2022.04.15"]
[EventType "swiss"]
[EventRounds "7"]
[EventCountry "ENG"]

1. e4 c5 2. Nc3 g6 3. g3 Nc6 4. Bg2 Bg7 5. d3 e6 6. Be3 d6 7. Qd2 Nge7 8. Bh6
O-O 9. h4 f5 10. Bxg7 Kxg7 11. h5 Rh8 12. Nge2 Nd4 13. hxg6 hxg6 14. O-O-O Bd7
15. Rxh8 Qxh8 16. Rh1 Qg8 17. Nf4 Rb8 18. exf5 Ndxf5 19. g4 Nd4 20. Ne4 Qf7 21.
Nxe6+ Qxe6 22. Qh6+ Kf7 23. Ng5+ Ke8 24. Nxe6 Bxe6 25. c3 Ndc6 26. Bxc6+ bxc6
27. Qh8+ Bg8 28. Qg7 Bd5 29. Rh8+ 1-0

[Event "Southend Easter op 64th"]
[Site "Southend-on-Sea"]
[Date "2022.04.16"]
[Round "3.15"]
[White "Myall, Ivan J"]
[Black "Mehrafarin, Amirabbas"]
[Result "0-1"]
[WhiteElo "2028"]
[BlackElo "1716"]
[PlyCount "60"]
[EventDate "2022.04.15"]
[EventType "swiss"]
[EventRounds "7"]
[EventCountry "ENG"]

1. e4 c6 2. d4 d5 3. e5 Bf5 4. h4 h5 5. Bd3 Bxd3 6. Qxd3 e6 7. Bg5 Qb6 8. Nd2
Ne7 9. Ngf3 Nf5 10. O-O Nd7 11. c4 Qa6 12. Qc2 dxc4 13. Nxc4 Nb6 14. Ne3 Nxe3
15. fxe3 Qb5 16. e4 Be7 17. Bxe7 Kxe7 18. Ng5 f6 19. exf6+ gxf6 20. e5 fxg5 21.
Qg6 Raf8 22. Qxg5+ Ke8 23. Qg6+ Kd8 24. Rf6 Nd7 25. Rf7 Rxf7 26. Qxf7 Rf8 27.
Qxh5 Qxb2 28. Rd1 Qf2+ 29. Kh1 Rg8 30. g4 Qf3+ 0-1

[Event "Southend Easter op 64th"]
[Site "Southend-on-Sea"]
[Date "2022.04.16"]
[Round "3.16"]
[White "Verma, Shlok"]
[Black "Ledger, Stephen C"]
[Result "0-1"]
[WhiteElo "1831"]
[BlackElo "2010"]
[PlyCount "56"]
[EventDate "2022.04.15"]
[EventType "swiss"]
[EventRounds "7"]
[EventCountry "ENG"]

1. d4 Nf6 2. c4 c5 3. d5 e6 4. Nc3 exd5 5. cxd5 d6 6. e4 g6 7. Nge2 Bg7 8. Ng3
O-O 9. Be2 a6 10. a4 Re8 11. O-O Nbd7 12. Be3 h5 13. f3 Nh7 14. Qd2 Ne5 15.
Rab1 h4 16. Nh1 f5 17. Nf2 Qe7 18. b4 b6 19. bxc5 bxc5 20. Rb3 g5 21. exf5
Nxf3+ 22. Bxf3 Qxe3 23. Qc2 Qf4 24. Bh5 Bxf5 25. Qd1 Be5 26. Ng4 Bxg4 27. Bxg4
Qxh2+ 28. Kf2 Bd4+ 0-1

[Event "Southend Easter op 64th"]
[Site "Southend-on-Sea"]
[Date "2022.04.16"]
[Round "3.17"]
[White "Badacsonyi, Frankie"]
[Black "Baer, Bruce L"]
[Result "0-1"]
[WhiteElo "1710"]
[BlackElo "1992"]
[PlyCount "72"]
[EventDate "2022.04.15"]
[EventType "swiss"]
[EventRounds "7"]
[EventCountry "ENG"]

1. Nf3 g6 2. g3 Bg7 3. d4 d6 4. Bg2 e5 5. c4 Nc6 6. d5 Nce7 7. Nc3 f5 8. e4 Nf6
9. O-O O-O 10. Ne1 Nxe4 11. Nxe4 fxe4 12. Bxe4 Bh3 13. Bg2 Bxg2 14. Nxg2 Nf5
15. Be3 a5 16. Qe2 b6 17. Rae1 Qd7 18. b3 Rae8 19. Kh1 h5 20. Qc2 Kh7 21. Qe4
Bh6 22. Nh4 Nxh4 23. Qxh4 Rf3 24. Bxh6 Kxh6 25. Re3 Qf5 26. Rxf3 Qxf3+ 27. Kg1
Rf8 28. Qe7 Rf7 29. Qd8 Kg7 30. Qg5 Qe2 31. a4 Qd3 32. Qe3 Rf3 33. Qxd3 Rxd3
34. Rb1 Kf6 35. Rb2 e4 36. Kf1 Ke5 0-1

[Event "Southend Easter op 64th"]
[Site "Southend-on-Sea"]
[Date "2022.04.16"]
[Round "3.18"]
[White "Rogers, Tim L"]
[Black "Davis-Loades, Alex"]
[Result "1-0"]
[WhiteElo "1986"]
[BlackElo "1837"]
[PlyCount "55"]
[EventDate "2022.04.15"]
[EventType "swiss"]
[EventRounds "7"]
[EventCountry "ENG"]

1. e4 e5 2. Nf3 Nc6 3. Bc4 Bc5 4. c3 Nf6 5. d3 d6 6. Bb3 h6 7. h3 O-O 8. O-O
Bb6 9. Nbd2 Be6 10. Nc4 Qe7 11. Re1 Bxc4 12. Bxc4 Na5 13. Bb5 a6 14. Ba4 c5 15.
Bc2 Nc6 16. a3 a5 17. Qe2 Ne8 18. g4 Nc7 19. g5 hxg5 20. Bxg5 Qd7 21. Kh2 Ne6
22. Rg1 Ne7 23. Nh4 Nxg5 24. Rxg5 Bd8 25. Bb3 Ng6 26. Rxg6 Bxh4 27. Qh5 Bf6 28.
Rxf6 1-0

[Event "Southend Easter op 64th"]
[Site "Southend-on-Sea"]
[Date "2022.04.16"]
[Round "3.19"]
[White "Pert, Nina"]
[Black "Staples, Maurice J"]
[Result "1-0"]
[WhiteElo "1535"]
[BlackElo "1986"]
[PlyCount "91"]
[EventDate "2022.04.15"]
[EventType "swiss"]
[EventRounds "7"]
[EventCountry "ENG"]

1. e4 e5 2. Nf3 Nc6 3. Bc4 Nf6 4. d4 exd4 5. O-O Nxe4 6. Re1 d5 7. Bxd5 Qxd5 8.
Nc3 Qd8 9. Rxe4+ Be7 10. Nxd4 f5 11. Rf4 O-O 12. Nxc6 Qxd1+ 13. Nxd1 bxc6 14.
Rc4 Bd6 15. f4 Re8 16. Be3 c5 17. Kf2 Be6 18. Ra4 Bd7 19. Ra5 Re4 20. g3 Rae8
21. Rxa7 c4 22. Ra5 g6 23. c3 Bc6 24. Rc1 R4e6 25. Rc2 Be4 26. Rd2 Rb8 27. Bd4
Bd3 28. a4 Ree8 29. Ra7 Ra8 30. Rxa8 Rxa8 31. b4 Rxa4 32. Nb2 Ra2 33. Be3 Kf7
34. Nxd3 Rxd2+ 35. Bxd2 cxd3 36. Ke3 Ke6 37. Kxd3 c6 38. Be3 Kd5 39. c4+ Ke6
40. c5 Bc7 41. Kc4 Bb8 42. Bg1 Bc7 43. Bf2 Bb8 44. b5 cxb5+ 45. Kxb5 Kd7 46.
Kb6 1-0

[Event "Southend Easter op 64th"]
[Site "Southend-on-Sea"]
[Date "2022.04.16"]
[Round "3.20"]
[White "Moore, John C"]
[Black "Hobson, Kenneth"]
[Result "1/2-1/2"]
[WhiteElo "1980"]
[BlackElo "1674"]
[PlyCount "61"]
[EventDate "2022.04.15"]
[EventType "swiss"]
[EventRounds "7"]
[EventCountry "ENG"]

1. e4 e5 2. Nf3 Nc6 3. Bb5 a6 4. Ba4 Nf6 5. O-O b5 6. Bb3 Bc5 7. c3 d6 8. d4
Bb6 9. dxe5 Nxe5 10. Nxe5 dxe5 11. Qxd8+ Kxd8 12. Bg5 Bb7 13. Nd2 Ke8 14. Bxf6
gxf6 15. Rad1 Rd8 16. Rfe1 Ke7 17. Nf1 Rxd1 18. Bxd1 Rd8 19. Bc2 a5 20. Ng3 b4
21. cxb4 axb4 22. Rd1 Rxd1+ 23. Bxd1 Bc8 24. Kf1 Kd6 25. Nf5+ Kc5 26. Ke2 Be6
27. Bb3 Bc4+ 28. Kd2 Kb5 29. f3 Bf1 30. g3 Bh3 31. Bxf7 1/2-1/2

[Event "Southend Easter op 64th"]
[Site "Southend-on-Sea"]
[Date "2022.04.16"]
[Round "3.21"]
[White "Dias, Ruwan"]
[Black "Stoica, Savas Marin"]
[Result "0-1"]
[WhiteElo "1518"]
[BlackElo "1963"]
[PlyCount "58"]
[EventDate "2022.04.15"]
[EventType "swiss"]
[EventRounds "7"]
[EventCountry "ENG"]

1. e4 e5 2. Nf3 Nc6 3. Bc4 Bc5 4. c3 Nf6 5. d4 exd4 6. e5 d5 7. Bb5 Ne4 8. cxd4
Bb6 9. Nc3 O-O 10. Be3 Bg4 11. h3 Bh5 12. Ba4 f5 13. a3 f4 14. Bxc6 Nxc3 15.
bxc3 fxe3 16. Bxb7 Rb8 17. Ba6 Ba5 18. Rc1 Rb2 19. Be2 Bxf3 20. gxf3 Qh4 21.
Rh2 exf2+ 22. Kf1 Qg3 23. Rxf2 Qxh3+ 24. Kg1 Qg3+ 25. Rg2 Qf4 26. Kf1 Qe3 27.
Qe1 Rxf3+ 28. Rf2 Rxf2+ 29. Qxf2 Qxc1+ 0-1

[Event "Southend Easter op 64th"]
[Site "Southend-on-Sea"]
[Date "2022.04.16"]
[Round "3.22"]
[White "Kafetzopoulos, Anastasios"]
[Black "Tapp, James"]
[Result "1/2-1/2"]
[WhiteElo "1934"]
[BlackElo "1882"]
[PlyCount "124"]
[EventDate "2022.04.15"]
[EventType "swiss"]
[EventRounds "7"]
[EventCountry "ENG"]

1. d4 Nf6 2. c4 e6 3. Nf3 d5 4. Nc3 Bb4 5. cxd5 exd5 6. Bf4 O-O 7. e3 Bf5 8.
Qb3 Bxc3+ 9. bxc3 c5 10. dxc5 Qa5 11. Bd6 Rc8 12. Nd4 Be6 13. Qb4 b6 14. Qxa5
bxa5 15. f3 Nfd7 16. Bxb8 Nxb8 17. Kd2 Rxc5 18. Nb3 Rc7 19. Nxa5 Nd7 20. Bd3
Nc5 21. Nb3 Na4 22. Rhc1 g6 23. g4 Kg7 24. Rc2 g5 25. Bb5 Nc5 26. Nd4 a6 27.
Be2 Rb8 28. Rh1 a5 29. h4 h6 30. hxg5 hxg5 31. Rh5 f6 32. Bd3 Bg8 33. Nf5+ Kf8
34. Rh6 Rb6 35. Rh8 Rh7 36. Rxh7 Bxh7 37. c4 Nxd3 38. Kxd3 dxc4+ 39. Rxc4 Bxf5+
40. gxf5 Rb2 41. a4 Ra2 42. Ke4 Ra3 43. Kd4 Ke7 44. Ke4 Kd6 45. Rd4+ Ke7 46. f4
gxf4 47. Kxf4 Ra1 48. Re4+ Kf7 49. Rc4 Ra2 50. Ke4 Ra3 51. Kd4 Ke7 52. Ke4 Ra1
53. Kd5 Kd7 54. Kc5 Rb1 55. Rh4 Rb3 56. Rh7+ Ke8 57. e4 Rb4 58. e5 fxe5 59. Kd6
e4 60. f6 e3 61. Re7+ Kf8 62. Rxe3 Rxa4 1/2-1/2

[Event "Southend Easter op 64th"]
[Site "Southend-on-Sea"]
[Date "2022.04.16"]
[Round "3.23"]
[White "Bryant, Harry"]
[Black "Mueller, Jens"]
[Result "1/2-1/2"]
[WhiteElo "1425"]
[BlackElo "1914"]
[PlyCount "53"]
[EventDate "2022.04.15"]
[EventType "swiss"]
[EventRounds "7"]
[EventCountry "ENG"]

1. e4 g6 2. d4 Bg7 3. Nf3 d6 4. Be3 Nf6 5. Nc3 a6 6. a4 b6 7. Qd2 h6 8. h4 Nbd7
9. Rg1 Ng4 10. Bc4 Nxe3 11. Qxe3 e6 12. O-O-O Bb7 13. g4 Qe7 14. h5 g5 15. d5
Ne5 16. Nxe5 Bxe5 17. Kb1 Qf6 18. Rd3 Bf4 19. Qf3 e5 20. Ne2 O-O 21. Ng3 Bc8
22. Nf5 Re8 23. b4 Bd7 24. Bb3 Bxf5 25. gxf5 Qg7 26. Rc3 f6 27. Rc6 1/2-1/2

[Event "Southend Easter op 64th"]
[Site "Southend-on-Sea"]
[Date "2022.04.16"]
[Round "3.24"]
[White "Edipoglu, Berk"]
[Black "Thatte, Nishchal"]
[Result "0-1"]
[WhiteElo "1502"]
[BlackElo "1892"]
[PlyCount "92"]
[EventDate "2022.04.15"]
[EventType "swiss"]
[EventRounds "7"]
[EventCountry "ENG"]

1. e4 c5 2. d4 cxd4 3. c3 d3 4. c4 Nc6 5. Nf3 d6 6. Nc3 g6 7. Bxd3 Bg7 8. Qe2
Bg4 9. Be3 Qa5 10. Qd2 Rc8 11. Rc1 Bxf3 12. gxf3 Qh5 13. Be2 Ne5 14. f4 Nf3+
15. Bxf3 Qxf3 16. Rf1 Nf6 17. e5 dxe5 18. fxe5 Ng4 19. Rd1 O-O 20. Nd5 Rfe8 21.
Qb4 Bf8 22. Qxb7 Nxh2 23. Rg1 Rxc4 24. Qb3 Rec8 25. Nc3 Qf5 26. Rg2 Nf3+ 27.
Ke2 Qh5 28. Kd3 Nxe5+ 29. Kc2 Qf5+ 30. Kc1 Nd3+ 31. Kd2 Rb4 32. Rg5 Qh3 33. Rg3
Qh4 34. Kxd3 Rxb3 35. axb3 Rd8+ 36. Kc2 Rxd1 37. Kxd1 Qb4 38. Kc2 a6 39. Rg5 h5
40. Rc5 Qb7 41. Bf4 Qf3 42. Bg3 f5 43. Ra5 Bg7 44. Rxa6 Bxc3 45. bxc3 Qe2+ 46.
Kc1 Qxa6 0-1

[Event "Southend Easter op 64th"]
[Site "Southend-on-Sea"]
[Date "2022.04.16"]
[Round "3.25"]
[White "Bird, Joel"]
[Black "Barton, Tom A"]
[Result "0-1"]
[WhiteElo "2009"]
[BlackElo "1779"]
[PlyCount "76"]
[EventDate "2022.04.15"]
[EventType "swiss"]
[EventRounds "7"]
[EventCountry "ENG"]

1. e4 c5 2. Nf3 d6 3. c3 Nf6 4. h3 Nc6 5. Bd3 e6 6. O-O Be7 7. Bc2 O-O 8. d4
cxd4 9. cxd4 Nb4 10. Nc3 Nxc2 11. Qxc2 b6 12. Re1 Bb7 13. Qe2 Rc8 14. Bg5 Nd7
15. Bxe7 Qxe7 16. a4 Nf6 17. Nd2 a6 18. Rec1 h6 19. Qe3 Nd7 20. a5 bxa5 21. Nb3
Nb6 22. Nxa5 Nc4 23. Nxc4 Rxc4 24. Ne2 Rfc8 25. Rxc4 Rxc4 26. f3 Qc7 27. h4 Qb6
28. Rc1 Rb4 29. g4 Rxb2 30. g5 hxg5 31. Kh1 gxh4 32. Rg1 Rb1 33. Nc1 g6 34. Qh6
Qxd4 35. Rxg6+ fxg6 36. Qxg6+ Kf8 37. Qh6+ Ke7 38. Qg7+ Qxg7 0-1

[Event "Southend Easter op 64th"]
[Site "Southend-on-Sea"]
[Date "2022.04.16"]
[Round "3.26"]
[White "Barker, Edward (Eddy)"]
[Black "Vaidya, Raghav"]
[Result "0-1"]
[WhiteElo "1885"]
[BlackElo "1561"]
[PlyCount "38"]
[EventDate "2022.04.15"]
[EventType "swiss"]
[EventRounds "7"]
[EventCountry "ENG"]

1. d4 Nf6 2. Bg5 d5 3. Bxf6 exf6 4. e3 Nd7 5. Bd3 g6 6. h4 Nb6 7. h5 f5 8. Nd2
Be6 9. Ne2 Bd6 10. Nf3 Qe7 11. Nc3 a6 12. g3 O-O-O 13. Qd2 Rhe8 14. hxg6 fxg6
15. O-O-O Bb4 16. a3 Bxa3 17. bxa3 Qxa3+ 18. Kb1 Nc4 19. Bxc4 dxc4 0-1

[Event "Southend Easter op 64th"]
[Site "Southend-on-Sea"]
[Date "2022.04.16"]
[Round "3.27"]
[White "Ghose, Rahul"]
[Black "Williamson, Kevin J"]
[Result "0-1"]
[WhiteElo "1840"]
[BlackElo "1878"]
[PlyCount "76"]
[EventDate "2022.04.15"]
[EventType "swiss"]
[EventRounds "7"]
[EventCountry "ENG"]

1. e4 d5 2. exd5 Qxd5 3. Nc3 Qd6 4. d4 g6 5. Nb5 Qd8 6. Bf4 Na6 7. Nf3 Bg7 8.
Bc4 Nf6 9. Qe2 O-O 10. O-O-O c6 11. Nc3 Nb4 12. Rhe1 Nbd5 13. Bxd5 Nxd5 14.
Nxd5 Qxd5 15. Kb1 Be6 16. b3 a5 17. Ng5 a4 18. Nxe6 fxe6 19. Bc1 axb3 20. axb3
Qa5 21. Qxe6+ Kh8 22. Bb2 Rxf2 23. Qxe7 Rxg2 24. Qh4 Qf5 25. Rd3 Bf6 26. Qh3
Qf2 27. Rc1 Rg1 28. Rf3 Rxc1+ 29. Bxc1 Qxd4 30. c3 Qe4+ 31. Rd3 Bxc3 32. Kc2
Bg7 33. Qf3 Qxf3 34. Rxf3 Kg8 35. Kd3 Rd8+ 36. Kc4 Be5 37. h3 Kg7 38. Ba3 b5+
0-1

[Event "Southend Easter op 64th"]
[Site "Southend-on-Sea"]
[Date "2022.04.16"]
[Round "3.28"]
[White "Foster, Timothy"]
[Black "Latypova, Olga L"]
[Result "1-0"]
[WhiteElo "1872"]
[BlackElo "1451"]
[PlyCount "37"]
[EventDate "2022.04.15"]
[EventType "swiss"]
[EventRounds "7"]
[EventCountry "ENG"]

1. Nf3 c5 2. e4 e6 3. d3 a6 4. g3 Qc7 5. Bg2 Nf6 6. O-O Be7 7. Nbd2 O-O 8. e5
Nd5 9. Ne4 Nc6 10. c4 Nb6 11. Bf4 Rb8 12. h4 Na8 13. Nf6+ Bxf6 14. exf6 e5 15.
Bh6 gxh6 16. Qd2 Nd4 17. Nxd4 Kh8 18. Qxh6 Rg8 19. Be4 1-0

[Event "Southend Easter op 64th"]
[Site "Southend-on-Sea"]
[Date "2022.04.16"]
[Round "3.29"]
[White "Wilson, Edgar"]
[Black "Oh, Julie"]
[Result "1-0"]
[WhiteElo "1856"]
[BlackElo "1399"]
[PlyCount "43"]
[EventDate "2022.04.15"]
[EventType "swiss"]
[EventRounds "7"]
[EventCountry "ENG"]

1. e4 c5 2. Nf3 e6 3. d4 cxd4 4. Nxd4 a6 5. Nc3 Qc7 6. Be2 b5 7. a3 Bb7 8. O-O
Nf6 9. Bf3 Nc6 10. Nxc6 Bxc6 11. Nd5 Qb7 12. Re1 O-O-O 13. Bg5 exd5 14. Bxf6
Re8 15. exd5 Rxe1+ 16. Qxe1 gxf6 17. Qe8+ Kc7 18. dxc6 dxc6 19. Rd1 Qc8 20.
Qxc6+ Kb8 21. Qb6+ Qb7 22. Qxb7# 1-0